[Event "XIX Festival A"]
[Site "Robecchetto con Induno ITA"]
[Date "2008.12.27"]
[Round "1"]
[White "Di Chiara, Mauro"]
[Black "Mazzariol, Oscar"]
[Result "0-1"]
[WhiteElo "1896"]
[BlackElo "2070"]
[PlyCount "98"]
[EventDate "2008.12.27"]

1. Nf3 d6 2. d4 Nf6 3. c4 g6 4. Nc3 Bg7 5. e4 O-O 6. Be2 e5 7. dxe5 dxe5 8.
Qxd8 Rxd8 9. Bg5 Re8 10. Bxf6 Bxf6 11. Nd5 Bd8 12. O-O-O c6 13. Nc3 Bb6 14.
Rhf1 Nd7 15. b4 a5 16. a3 axb4 17. axb4 Ra1+ 18. Kc2 Rxd1 19. Bxd1 Bd4 20. c5
Nf6 21. Ne2 Bxf2 22. Nxe5 Rxe5 23. Rxf2 Nxe4 24. Rf4 g5 25. Rf3 Bf5 26. Nd4 Bg6
27. Kc1 Rd5 28. Ne2 Bh5 29. Bb3 Rd2 30. g4 Bg6 31. Re3 Rd7 32. Bc2 Nf2 33. Bxg6
hxg6 34. Re8+ Kg7 35. Nc3 Nd3+ 36. Kb1 Nxb4 37. Ne4 Nd3 38. Nxg5 Nxc5 39. h4
Nd3 40. Ne4 f5 41. gxf5 gxf5 42. Ng3 f4 43. Nf5+ Kf7 44. Re4 Kf6 45. Rd4 Rxd4
46. Nxd4 c5 47. Nf3 Ne5 48. Ng5 Kf5 49. Kc2 b6 0-1

[Event "XIX Festival A"]
[Site "Robecchetto con Induno ITA"]
[Date "2008.12.27"]
[Round "1"]
[White "Guzzetti, Luigi Enrico"]
[Black "Barlocco, Carlo"]
[Result "0-1"]
[WhiteElo "1862"]
[BlackElo "2144"]
[PlyCount "78"]
[EventDate "2008.12.27"]

1. e4 e5 2. Nf3 Nc6 3. Bb5 d6 4. O-O Bd7 5. c3 g6 6. d4 Bg7 7. Bg5 f6 8. Be3
Nh6 9. h3 O-O 10. Na3 Kh8 11. Qd2 Nf7 12. Rad1 Qe7 13. Bc4 a6 14. b4 Rae8 15.
Rfe1 Qd8 16. Bxf7 Rxf7 17. d5 Ne7 18. c4 f5 19. Ng5 Rff8 20. f4 h6 21. Ne6 Bxe6
22. dxe6 exf4 23. Bxf4 g5 24. Be3 f4 25. Bf2 Nc6 26. b5 axb5 27. cxb5 Ne5 28.
Qd5 b6 29. Nc2 Ng6 30. Nd4 Rf6 31. Rc1 Nf8 32. Qc6 Nxe6 33. Nxe6 Rfxe6 34. Qxc7
Qxc7 35. Rxc7 Rxe4 36. Rxe4 Rxe4 37. Bxb6 Rb4 38. Rc6 Rxb5 39. Rxd6 Rxb6 0-1

[Event "XIX Festival A"]
[Site "Robecchetto con Induno ITA"]
[Date "2008.12.27"]
[Round "1"]
[White "La Torre, Giovanni"]
[Black "Mancin, Mariano"]
[Result "1/2-1/2"]
[WhiteElo "2059"]
[BlackElo "1894"]
[PlyCount "86"]
[EventDate "2008.12.27"]

1. b3 e5 2. Bb2 Nc6 3. e3 g6 4. g3 Bg7 5. Bg2 Nge7 6. d4 exd4 7. exd4 d5 8. Nf3
O-O 9. O-O Bg4 10. h3 Bxf3 11. Bxf3 Nf5 12. c3 h5 13. Qd3 Re8 14. Nd2 a6 15.
Rae1 Qd7 16. a4 Re7 17. Rxe7 Ncxe7 18. Re1 Re8 19. Nf1 c6 20. Kh2 Nc8 21. Rxe8+
Qxe8 22. Ne3 Nxe3 23. Qxe3 Qxe3 24. fxe3 Nd6 25. Kg2 Bh6 26. Kf2 f5 27. Ba3
Ne4+ 28. Bxe4 fxe4 29. h4 Kf7 30. Bd6 Ke6 31. Bc7 Kf5 32. Be5 Kg4 33. Bc7 b5
34. axb5 axb5 35. Bd6 g5 36. hxg5 Bxg5 37. Bc7 Kh3 38. Bd6 h4 39. gxh4 Bxh4+
40. Ke2 Kg2 41. Bf4 Be7 42. b4 Bh4 43. Be5 Bg3 1/2-1/2

[Event "XIX Festival A"]
[Site "Robecchetto con Induno ITA"]
[Date "2008.12.27"]
[Round "1"]
[White "Martinez, Rolly"]
[Black "Favoni, Matteo"]
[Result "1-0"]
[WhiteElo "2424"]
[BlackElo "1986"]
[PlyCount "137"]
[EventDate "2008.12.27"]

1. e4 c5 2. Nf3 d6 3. d4 cxd4 4. Qxd4 a6 5. c4 Nc6 6. Qd2 Nf6 7. Nc3 g6 8. b3
Bg7 9. Bb2 O-O 10. Be2 e6 11. Rd1 Qa5 12. O-O Rd8 13. a3 d5 14. b4 Qc7 15. exd5
exd5 16. cxd5 Rd6 17. Ba1 Ne7 18. Qa2 b5 19. Bxb5 axb5 20. Nxb5 Qb6 21. Nxd6
Qxd6 22. Be5 Qxb4 23. d6 Nc6 24. d7 Bxd7 25. Bxf6 Rxa3 26. Qd5 Be6 27. Qxc6
Bxf6 28. Rfe1 Qg4 29. h3 Qc4 30. Qd6 Ra6 31. Qb8+ Kg7 32. Ne5 Qf4 33. Qb5 Ra2
34. Nd3 Qd4 35. Qc5 Bc4 36. Qxd4 Bxd4 37. Re4 Bxd3 38. Rxd4 Bf5 39. R4d2 Ra4
40. g4 Be6 41. Kh2 Kf6 42. Kg3 h5 43. gxh5 g5 44. Rd4 Ra3+ 45. R1d3 Ra1 46. Rd1
Ra3+ 47. f3 Kg7 48. R1d3 Rxd3 49. Rxd3 Kh6 50. h4 Kxh5 51. hxg5 Kxg5 52. Ra3 f5
53. f4+ Kh5 54. Ra7 Bd5 55. Rg7 Be4 56. Rg5+ Kh6 57. Kf2 Bc2 58. Ke3 Be4 59.
Kd4 Bc2 60. Ke5 Bd3 61. Rxf5 Kg6 62. Rf6+ Kg7 63. f5 Bc4 64. Rc6 Bb3 65. Rc7+
Kf8 66. Kf6 Ke8 67. Rb7 Bd5 68. Rb8+ Kd7 69. Kg7 1-0

[Event "XIX Festival A"]
[Site "Robecchetto con Induno ITA"]
[Date "2008.12.27"]
[Round "1"]
[White "Messina, Gianmaria"]
[Black "Marinone, Lucio"]
[Result "0-1"]
[WhiteElo "1675"]
[BlackElo "2008"]
[PlyCount "68"]
[EventDate "2008.12.27"]

1. e4 c5 2. Nc3 a6 3. a4 d6 4. g3 g6 5. Bg2 Bg7 6. Nge2 Nc6 7. O-O e6 8. d3
Nge7 9. f4 O-O 10. Be3 Nd4 11. Qd2 Rb8 12. g4 b5 13. axb5 axb5 14. Bxd4 cxd4
15. Nd1 b4 16. b3 Bd7 17. Ng3 Rb5 18. Nb2 Qc7 19. h4 Rc8 20. Rf2 d5 21. e5 Ra5
22. Na4 Bxa4 23. bxa4 Qc3 24. Qe1 Qxe1+ 25. Rxe1 Rxa4 26. f5 gxf5 27. gxf5 Bh6
28. Kh2 Be3 29. Rfe2 exf5 30. Bxd5 Nxd5 31. Nxf5 Ra2 32. Rg2+ Kf8 33. Rg7
Rcxc2+ 34. Kh3 Rh2+ 0-1

[Event "XIX Festival A"]
[Site "Robecchetto con Induno ITA"]
[Date "2008.12.27"]
[Round "1"]
[White "Pattarello, Pierluigi"]
[Black "Astengo, Corrado"]
[Result "1-0"]
[WhiteElo "1983"]
[BlackElo "2172"]
[PlyCount "55"]
[EventDate "2008.12.27"]

1. d4 d5 2. c4 e6 3. Nc3 c6 4. e3 Nf6 5. Nf3 Nbd7 6. Bd3 dxc4 7. Bxc4 b5 8. Bd3
a6 9. O-O c5 10. Ne4 Bb7 11. Nxf6+ Nxf6 12. a3 Rc8 13. dxc5 Rxc5 14. Qe2 Qa8
15. b4 Rh5 16. Bb2 Bd6 17. Rac1 Bxf3 18. gxf3 Bxh2+ 19. Kg2 Qd5 20. Rc5 Qd6 21.
Rxh5 Nxh5 22. Bxb5+ axb5 23. Qxb5+ Qd7 24. Qxh5 Bc7 25. Bxg7 Rg8 26. Qxh7 Rxg7+
27. Qxg7 Qd6 28. Rh1 1-0

[Event "XIX Festival A"]
[Site "Robecchetto con Induno ITA"]
[Date "2008.12.27"]
[Round "1"]
[White "Pepa, Syrja"]
[Black "Parenti, Davide"]
[Result "1/2-1/2"]
[WhiteElo "1842"]
[BlackElo "2052"]
[PlyCount "68"]
[EventDate "2008.12.27"]

1. e4 d5 2. exd5 Nf6 3. Nc3 Nxd5 4. Bc4 Nb6 5. Bb3 Nc6 6. Qf3 e6 7. Nge2 Be7 8.
d3 O-O 9. Be3 Bd7 10. Ng3 Na5 11. O-O Nxb3 12. axb3 Bc6 13. Qg4 f5 14. Qe2 Bd7
15. f4 Bd6 16. Bd4 c5 17. Be5 Qc7 18. Rae1 Rae8 19. Qh5 Bxe5 20. fxe5 Bc6 21.
Rf4 Qf7 22. Qxf7+ Rxf7 23. Nh5 Rd8 24. Re3 Nd5 25. Nxd5 Rxd5 26. h4 Be8 27. Ng3
Rc7 28. Ne2 b5 29. c4 Rd8 30. d4 bxc4 31. bxc4 cxd4 32. Rxd4 Rxd4 33. Nxd4 Rxc4
34. Nxe6 Re4 1/2-1/2

[Event "XIX Festival A"]
[Site "Robecchetto con Induno ITA"]
[Date "2008.12.27"]
[Round "1"]
[White "Provera, Emanuele"]
[Black "Bernasconi, Roberto"]
[Result "1-0"]
[WhiteElo "2138"]
[BlackElo "1929"]
[PlyCount "83"]
[EventDate "2008.12.27"]

1. d4 d5 2. c4 dxc4 3. e3 Nf6 4. Bxc4 e6 5. Nf3 c5 6. O-O a6 7. a4 Nc6 8. Nc3
Be7 9. Qd3 O-O 10. Rd1 cxd4 11. exd4 Nb4 12. Qe2 Nfd5 13. Ne4 b6 14. Ne5 Qe8
15. a5 b5 16. Bxd5 Nxd5 17. Bd2 Ra7 18. Nd3 Rc7 19. Rac1 f5 20. Nec5 Bd6 21.
Re1 Re7 22. Bg5 Nf6 23. Bxf6 Rxf6 24. Qf3 Qd8 25. b4 Bc7 26. Qa8 Rf8 27. Nxa6
Bxa6 28. Qxa6 Qxd4 29. Qxb5 Rb8 30. Qc4 Qd6 31. g3 Rbe8 32. Nf4 Bb8 33. Rcd1
Qc7 34. Qb3 Kf8 35. Rxe6 Qb7 36. Rxe7 Qxe7 37. Nd5 Qe2 38. Qd3 Qa2 39. Qxf5+
Kg8 40. Ne3 Ba7 41. Qd5+ Qxd5 42. Rxd5 1-0

[Event "XIX Festival A"]
[Site "Robecchetto con Induno ITA"]
[Date "2008.12.27"]
[Round "1"]
[White "Ranfagni, Stefano"]
[Black "Saccani, Ettore"]
[Result "1-0"]
[WhiteElo "2047"]
[BlackElo "1840"]
[PlyCount "87"]
[EventDate "2008.12.27"]

1. e4 e6 2. d4 d5 3. Nd2 Nf6 4. e5 Nfd7 5. Bd3 b6 6. Ne2 Ba6 7. Bxa6 Nxa6 8. c3
c5 9. Nf3 cxd4 10. Nexd4 Qc7 11. Qe2 Nac5 12. O-O Be7 13. Nb5 Qb8 14. Bg5 Ne4
15. Bxe7 Kxe7 16. Nfd4 Qc7 17. f3 a6 18. fxe4 axb5 19. exd5 exd5 20. e6 Nf6 21.
exf7+ Kxf7 22. Qxb5 Qd8 23. a3 Re8 24. Rae1 Qd6 25. Qd3 Kg8 26. Nb5 Qc5+ 27.
Nd4 Qd6 28. Rxe8+ Rxe8 29. Qb5 Qe7 30. h3 Qe3+ 31. Kh1 Kh8 32. Nf5 Qe6 33. Qd3
Ne4 34. Ng3 Nc5 35. Qf5 g6 36. Qxe6 Rxe6 37. Rd1 Rd6 38. Ne2 Ne4 39. Kg1 b5 40.
Nf4 Nf6 41. Rd4 g5 42. Nd3 Kg7 43. Rb4 Rb6 44. a4 1-0

[Event "XIX Festival A"]
[Site "Robecchetto con Induno ITA"]
[Date "2008.12.27"]
[Round "1"]
[White "Rettore, Ludwig"]
[Black "Quagliarella, Sabino Remo"]
[Result "1-0"]
[WhiteElo "2171"]
[BlackElo "1978"]
[PlyCount "47"]
[EventDate "2008.12.27"]

1. e4 g6 2. d4 Bg7 3. Nc3 c6 4. Nf3 d6 5. Be3 Qb6 6. a3 Bg4 7. Bc4 e6 8. O-O
Ne7 9. d5 Qc7 10. dxe6 fxe6 11. h3 Bxf3 12. Qxf3 d5 13. exd5 cxd5 14. Bb3 Rf8
15. Qg4 Nf5 16. Bf4 Be5 17. Nb5 Bxf4 18. Nxc7+ Bxc7 19. Rae1 Kf7 20. Qe2 Nd4
21. Qe3 Bb6 22. c3 Nxb3 23. Qxe6+ Kg7 24. Qe5+ 1-0

[Event "XIX Festival A"]
[Site "Robecchetto con Induno ITA"]
[Date "2008.12.27"]
[Round "1"]
[White "Revinelli, Sergio"]
[Black "Bemporad, Filippo"]
[Result "0-1"]
[WhiteElo "1868"]
[BlackElo "2055"]
[PlyCount "60"]
[EventDate "2008.12.27"]

1. e4 c5 2. Nf3 d6 3. d4 cxd4 4. Nxd4 Nf6 5. Nc3 e6 6. Be2 Be7 7. O-O O-O 8.
Be3 a6 9. a4 Qc7 10. f4 Nc6 11. Kh1 Na5 12. Nb3 Nc4 13. Bxc4 Qxc4 14. Qd3 Qc7
15. a5 Bd7 16. Bb6 Qc8 17. Rae1 Bc6 18. Qg3 g6 19. Bd4 Qd8 20. Bb6 Qd7 21. f5
Nh5 22. Qe3 exf5 23. exf5 Bf6 24. Bd4 Rae8 25. Qd2 Rxe1 26. Qxe1 Re8 27. Qd2
Qe7 28. Qh6 Bxd4 29. Nxd4 Qh4 30. Qd2 Ng3+ 0-1

[Event "XIX Festival A"]
[Site "Robecchetto con Induno ITA"]
[Date "2008.12.27"]
[Round "1"]
[White "Tagliaferri, Valerio"]
[Black "Borin, Fabio"]
[Result "0-1"]
[WhiteElo "1914"]
[BlackElo "2130"]
[PlyCount "150"]
[EventDate "2008.12.27"]

1. e4 c5 2. Nf3 d6 3. Bb5+ Bd7 4. Bxd7+ Qxd7 5. O-O Nf6 6. Re1 Nc6 7. d4 cxd4
8. Nxd4 g6 9. b3 Nxd4 10. Qxd4 Bg7 11. Nc3 Rc8 12. Bb2 Nh5 13. Qb4 Nf4 14. f3
Qc6 15. Re3 a5 16. Qxa5 Bd4 17. Rae1 f6 18. g3 Ne6 19. Kf1 Bxe3 20. Rxe3 Kf7
21. Rd3 Ra8 22. Qd5 Qxd5 23. Rxd5 Nc7 24. Rd2 Ra5 25. a4 g5 26. Ke1 h5 27. Ne2
Ne6 28. c4 g4 29. f4 Nc5 30. b4 Rxa4 31. bxc5 Rxc4 32. cxd6 Rxe4 33. d7 Rd8 34.
Ba3 Ra4 35. Bc5 Ra6 36. f5 Rc6 37. Bb4 e5 38. fxe6+ Rxe6 39. Kd1 Ra6 40. Ke1 b6
41. Nf4 Ra7 42. Nxh5 Raxd7 43. Rf2 Re8+ 44. Kf1 Re6 45. Nf4 Rc6 46. Nh5 Rd5 47.
Nf4 Rd1+ 48. Kg2 Rc4 49. Ba3 Rcd4 50. h4 R1d2 51. Kf1 Rxf2+ 52. Kxf2 Ra4 53.
Bb2 Rb4 54. Nd3 Rb3 55. Ke2 Kg6 56. Bd4 b5 57. Bc5 Rb1 58. Kd2 Ra1 59. Kc2 Kf5
60. Kb2 Rf1 61. Bd6 Ke4 62. Nc1 Kd5 63. Bb8 Kc4 64. Bf4 Rf2+ 65. Kb1 Rh2 66.
Bd6 b4 67. Be7 Rf2 68. Bd6 b3 69. Bf4 Kc3 70. h5 b2 71. Na2+ Kb3 72. Nc1+
bxc1=Q+ 73. Kxc1 Rxf4 74. gxf4 g3 75. h6 g2 0-1

[Event "XIX Festival A"]
[Site "Robecchetto con Induno ITA"]
[Date "2008.12.27"]
[Round "1"]
[White "Turini, Gianluca"]
[Black "Raselli, Claudio"]
[Result "1/2-1/2"]
[WhiteElo "1572"]
[BlackElo "1986"]
[PlyCount "37"]
[EventDate "2008.12.27"]

1. e4 d5 2. exd5 Qxd5 3. Nc3 Qe5+ 4. Qe2 Qxe2+ 5. Bxe2 c6 6. d4 Bf5 7. Bd1 Nf6
8. Nf3 e6 9. Ne2 Bd6 10. Bf4 Bxf4 11. Nxf4 Nbd7 12. c3 O-O 13. Be2 Rfe8 14. O-O
e5 15. dxe5 Nxe5 16. Nd4 Bg6 17. Nxg6 Nxg6 18. Rfe1 Nf4 19. Bc4 1/2-1/2

[Event "XIX Festival A"]
[Site "Robecchetto con Induno ITA"]
[Date "2008.12.27"]
[Round "1"]
[White "Virzi, Ettore"]
[Black "Barberi, Alessandro"]
[Result "1/2-1/2"]
[WhiteElo "1950"]
[BlackElo "2156"]
[PlyCount "67"]
[EventDate "2008.12.27"]

1. e4 g6 2. d4 Bg7 3. Nc3 d6 4. Be3 a6 5. a4 b6 6. Nf3 Bb7 7. h3 Nd7 8. Be2
Ngf6 9. Nd2 O-O 10. O-O h6 11. f4 c5 12. e5 cxd4 13. Bxd4 dxe5 14. fxe5 Nd5 15.
Nxd5 Bxd5 16. c4 Bb7 17. Bf3 Qc7 18. Bxb7 Qxb7 19. Nf3 e6 20. Qe2 Rac8 21. Rfc1
Nc5 22. Qe3 a5 23. b4 axb4 24. Rab1 Qc6 25. Rxb4 Rfd8 26. Bxc5 bxc5 27. Rb5 Rd7
28. Rcb1 Ra7 29. a5 Qc7 30. Qc3 Rca8 31. Ra1 h5 32. Qa3 Bf8 33. Qc3 Kg7 34. Ra3
1/2-1/2

[Event "XIX Festival A"]
[Site "Robecchetto con Induno ITA"]
[Date "2008.12.28"]
[Round "2"]
[White "Astengo, Corrado"]
[Black "Turini, Gianluca"]
[Result "1-0"]
[WhiteElo "2172"]
[BlackElo "1572"]
[PlyCount "51"]
[EventDate "2008.12.27"]

1. d4 Nf6 2. c4 g6 3. Nc3 Bg7 4. e4 d6 5. Be2 O-O 6. Bg5 Nbd7 7. Qd2 c5 8. d5
a6 9. f4 Qc7 10. Nf3 Re8 11. O-O Nf8 12. h3 N6d7 13. Rae1 f6 14. Bh4 e5 15.
dxe6 Nxe6 16. Nd5 Qd8 17. e5 dxe5 18. fxe5 h6 19. exf6 Nxf6 20. Bxf6 Bxf6 21.
Qxh6 Nf8 22. Bd3 Rxe1 23. Rxe1 Bg7 24. Qf4 Be6 25. Be4 Rb8 26. Ne7+ 1-0

[Event "XIX Festival A"]
[Site "Robecchetto con Induno ITA"]
[Date "2008.12.28"]
[Round "2"]
[White "Autino, Massimiliano"]
[Black "Tagliaferri, Valerio"]
[Result "1-0"]
[WhiteElo "1826"]
[BlackElo "1914"]
[PlyCount "85"]
[EventDate "2008.12.27"]

1. d4 d5 2. Nf3 Nf6 3. e3 c6 4. Bd3 Bg4 5. c4 e6 6. Qb3 Qc7 7. Nc3 Nbd7 8. cxd5
exd5 9. Bd2 Bd6 10. Rc1 a6 11. h3 Bh5 12. O-O O-O 13. g4 Bg6 14. Bxg6 hxg6 15.
g5 Nh7 16. Nxd5 Qd8 17. e4 cxd5 18. Qxd5 Be7 19. Rc2 Re8 20. Rfc1 Ndf8 21. Qxd8
Bxd8 22. Rc8 Bb6 23. Rxa8 Rxa8 24. Rc4 Nd7 25. Bf4 Nhf8 26. d5 f6 27. Bd6 Kf7
28. b3 Re8 29. Kg2 a5 30. a4 Ne5 31. Nxe5+ fxe5 32. Bc7 Bxc7 33. Rxc7+ Re7 34.
d6 Rd7 35. Rc5 b6 36. Rxe5 Ne6 37. b4 axb4 38. Rb5 Rxd6 39. Rxb4 Nxg5 40. f4
Ne6 41. Kf3 Nc5 42. e5 Ne6 43. exd6 1-0

[Event "XIX Festival A"]
[Site "Robecchetto con Induno ITA"]
[Date "2008.12.28"]
[Round "2"]
[White "Barberi, Alessandro"]
[Black "Pattarello, Pierluigi"]
[Result "1-0"]
[WhiteElo "2156"]
[BlackElo "1983"]
[PlyCount "57"]
[EventDate "2008.12.27"]

1. d4 Nf6 2. Nf3 e6 3. c4 b6 4. e3 Bb7 5. Bd3 Be7 6. Nbd2 d5 7. b3 Nbd7 8. Qc2
c5 9. Bb2 Rc8 10. Rd1 cxd4 11. exd4 O-O 12. O-O g6 13. Ne5 dxc4 14. bxc4 Nxe5
15. dxe5 Nd5 16. Qb3 Nf4 17. Be4 Bxe4 18. Nxe4 Qc7 19. Qe3 Nh5 20. g4 Ng7 21.
Ba3 Ne8 22. Nd6 Bxd6 23. exd6 Qd7 24. c5 e5 25. cxb6 axb6 26. g5 f5 27. gxf6
Nxf6 28. Qg5 Rce8 29. f4 1-0

[Event "XIX Festival A"]
[Site "Robecchetto con Induno ITA"]
[Date "2008.12.28"]
[Round "2"]
[White "Barlocco, Carlo"]
[Black "Ranfagni, Stefano"]
[Result "0-1"]
[WhiteElo "2144"]
[BlackElo "2047"]
[PlyCount "78"]
[EventDate "2008.12.27"]

1. e4 e5 2. Nc3 Nf6 3. g3 Nc6 4. Bg2 Bc5 5. Nf3 d6 6. d3 Bg4 7. h3 Bh5 8. g4
Bg6 9. Bg5 h6 10. Bh4 Bh7 11. g5 hxg5 12. Bxg5 Bb4 13. Nd2 Bxc3 14. bxc3 Ne7
15. f4 exf4 16. Bxf4 Bg6 17. Qb1 Nh5 18. Bh2 Rb8 19. Qb5+ c6 20. Qb4 c5 21. Qa5
Kf8 22. Qxa7 Nc6 23. Qa3 Qh4+ 24. Kd1 Ng3 25. Kc1 Ke7 26. Nc4 b5 27. e5 bxc4
28. Bg1 Qf4+ 29. Kd1 Bh5+ 30. Ke1 Qxe5+ 31. Kf2 Nxh1+ 32. Bxh1 Qf4+ 33. Ke1
Qe5+ 34. Kf2 Qe2+ 35. Kg3 Qe5+ 36. Kf2 Rh6 37. Bxc6 Qe2+ 38. Kg3 Rg6+ 39. Kf4
Qe5# 0-1

[Event "XIX Festival A"]
[Site "Robecchetto con Induno ITA"]
[Date "2008.12.28"]
[Round "2"]
[White "Bemporad, Filippo"]
[Black "Martinez, Rolly"]
[Result "0-1"]
[WhiteElo "2055"]
[BlackElo "2424"]
[PlyCount "88"]
[EventDate "2008.12.27"]

1. d4 Nf6 2. Nf3 e6 3. g3 d5 4. Bg2 Be7 5. O-O b5 6. b3 Bb7 7. c4 dxc4 8. bxc4
bxc4 9. Qa4+ Nbd7 10. Qxc4 O-O 11. Nbd2 c5 12. Ba3 Qa5 13. Bxc5 Bxc5 14. dxc5
Nxc5 15. Nb3 Nxb3 16. Qxb3 Bd5 17. Qe3 Rab8 18. Rfd1 Rfc8 19. Qe5 Nd7 20. Qh5
Nf6 21. Qe5 Qb4 22. a3 Qb7 23. Rdc1 h6 24. Nh4 Bxg2 25. Nxg2 Qb6 26. Ne3 Qa6
27. Nc2 Rb5 28. Qe3 Nd5 29. Qd3 Rc3 30. Qd1 Rbc5 31. Nb4 Rxc1 32. Rxc1 Rxc1 33.
Qxc1 Nxb4 34. axb4 Qxe2 35. Qc8+ Kh7 36. Qb7 Qd1+ 37. Kg2 Qd5+ 38. Qxd5 exd5
39. Kf3 Kg6 40. Ke3 Kf5 41. Kd4 Ke6 42. f4 g5 43. b5 g4 44. Kc3 Kd6 0-1

[Event "XIX Festival A"]
[Site "Robecchetto con Induno ITA"]
[Date "2008.12.28"]
[Round "2"]
[White "Bernasconi, Roberto"]
[Black "Messina, Gianmaria"]
[Result "1-0"]
[WhiteElo "1929"]
[BlackElo "1675"]
[PlyCount "83"]
[EventDate "2008.12.27"]

1. e4 d5 2. exd5 Qxd5 3. Nc3 Qd6 4. Nf3 Nf6 5. d4 a6 6. Be2 b5 7. a3 Bb7 8. O-O
Nbd7 9. h3 e6 10. Re1 Be7 11. Ne5 Nxe5 12. dxe5 Qxd1 13. Rxd1 Nd7 14. Bf4 Rd8
15. Rd2 O-O 16. Rad1 Nb6 17. Be3 Rxd2 18. Rxd2 Nd5 19. Nxd5 exd5 20. b4 Rd8 21.
f4 Bc8 22. Bf3 c6 23. Kf2 f6 24. exf6 Bxf6 25. Bd4 Bxd4+ 26. Rxd4 Re8 27. h4
Kf7 28. Rd2 Bd7 29. c3 Re7 30. Re2 Be6 31. Re5 g6 32. Ke3 a5 33. Kd4 axb4 34.
axb4 Bd7 35. Kc5 Rxe5 36. fxe5 h5 37. Kd6 Be8 38. g3 Kf8 39. e6 g5 40. hxg5 Kg7
41. Ke7 Bg6 42. Kd7 1-0

[Event "XIX Festival A"]
[Site "Robecchetto con Induno ITA"]
[Date "2008.12.28"]
[Round "2"]
[White "Borin, Fabio"]
[Black "Marguerettaz, Davy"]
[Result "1-0"]
[WhiteElo "2130"]
[BlackElo "2020"]
[PlyCount "41"]
[EventDate "2008.12.27"]

1. d4 d5 2. c4 c6 3. cxd5 cxd5 4. Nf3 Nf6 5. Nc3 Nc6 6. Bf4 Ne4 7. Qb3 e6 8. e3
Bd6 9. Nxe4 Bxf4 10. Nc5 Qa5+ 11. Kd1 Bc7 12. Nxb7 Qb6 13. Nc5 O-O 14. Rc1 Na5
15. Qxb6 axb6 16. Nxe6 Bxe6 17. Rxc7 Nc4 18. Bxc4 dxc4 19. a3 b5 20. Kd2 Bd5
21. Rc5 1-0

[Event "XIX Festival A"]
[Site "Robecchetto con Induno ITA"]
[Date "2008.12.28"]
[Round "2"]
[White "Cardani, Roberto"]
[Black "Brugo, Marco"]
[Result "0-1"]
[WhiteElo "1900"]
[BlackElo "2152"]
[PlyCount "66"]
[EventDate "2008.12.27"]

1. e4 e6 2. d4 d5 3. Nc3 Nf6 4. Bg5 Bb4 5. e5 h6 6. Bd2 Bxc3 7. bxc3 Ne4 8. Qg4
g6 9. Bd3 Nxd2 10. Kxd2 c5 11. Nf3 Bd7 12. h4 Qe7 13. a4 Bc6 14. Qf4 Nd7 15. h5
g5 16. Qe3 c4 17. Be2 a5 18. Rhb1 O-O-O 19. Ke1 Rhf8 20. Nh2 f5 21. exf6 Nxf6
22. Ng4 Nxh5 23. Ne5 Nf4 24. Nxc6 Nxg2+ 25. Kd2 bxc6 26. Qg3 Nf4 27. Rb6 Kc7
28. Rab1 Rb8 29. Rxb8 Rxb8 30. Re1 Qd6 31. Bg4 Re8 32. Qh2 Rh8 33. Re5 Ng6 0-1

[Event "XIX Festival A"]
[Site "Robecchetto con Induno ITA"]
[Date "2008.12.28"]
[Round "2"]
[White "Corti, Corrado"]
[Black "Rettore, Ludwig"]
[Result "0-1"]
[WhiteElo "2038"]
[BlackElo "2171"]
[PlyCount "42"]
[EventDate "2008.12.27"]

1. d4 Nf6 2. g3 c5 3. d5 g6 4. Bg2 d6 5. c4 b5 6. cxb5 a6 7. bxa6 Bxa6 8. Nc3
Bg7 9. e4 O-O 10. Nge2 Nbd7 11. Nf4 Qa5 12. Bd2 Rfb8 13. Rb1 Ne5 14. Bf1 g5 15.
Nh5 Nxh5 16. Qxh5 g4 17. Be2 Bxe2 18. Kxe2 Qa6+ 19. Kd1 Qd3 20. Ke1 Nf3+ 21.
Kd1 Nd4 0-1

[Event "XIX Festival A"]
[Site "Robecchetto con Induno ITA"]
[Date "2008.12.28"]
[Round "2"]
[White "Favoni, Matteo"]
[Black "Revinelli, Sergio"]
[Result "1/2-1/2"]
[WhiteElo "1986"]
[BlackElo "1868"]
[PlyCount "112"]
[EventDate "2008.12.27"]

1. d4 d5 2. c4 c6 3. Nf3 Nf6 4. Nc3 e6 5. e3 Nbd7 6. Qc2 Bd6 7. g4 Nxg4 8. Rg1
Qf6 9. Rxg4 Qxf3 10. Rxg7 Nf6 11. Bg2 Qh5 12. e4 Bf8 13. Rg5 Qxh2 14. Bf3 Nxe4
15. Nxe4 dxe4 16. Qxe4 Qc7 17. Bf4 Bb4+ 18. Ke2 Bd6 19. Bxd6 Qxd6 20. Rag1 Rf8
21. Rg8 Bd7 22. Qh4 e5 23. Rxf8+ Qxf8 24. Qf6 exd4 25. Kd3 Be6 26. Rg7 Rc8 27.
Rxh7 Kd7 28. Bg4 Kd6 29. Qxd4+ Ke7 30. Bxe6 Kxe6 31. Qe4+ Kd7 32. Qf5+ Ke7 33.
Qe5+ Kd7 34. Qf5+ Ke7 35. Qe5+ Kd7 36. Qd4+ Ke7 37. Qh4+ Kd7 38. Qg4+ Kc7 39.
Qf4+ Kb6 40. Rxf7 Qb4 41. Qd4+ Ka6 42. c5 Qb5+ 43. Qc4 b6 44. a4 Rd8+ 45. Kc3
Qxc4+ 46. Kxc4 Rd1 47. cxb6 axb6 48. b4 Rc1+ 49. Kb3 Rb1+ 50. Kc3 Ra1 51. Rf6
Rxa4 52. Rxc6 Kb5 53. Re6 Ra3+ 54. Kd4 Rf3 55. Re2 Kxb4 56. Ke4 Rf8 1/2-1/2

[Event "XIX Festival A"]
[Site "Robecchetto con Induno ITA"]
[Date "2008.12.28"]
[Round "2"]
[White "Mancin, Mariano"]
[Black "Cereda, Loris"]
[Result "1/2-1/2"]
[WhiteElo "1894"]
[BlackElo "2053"]
[PlyCount "64"]
[EventDate "2008.12.27"]

1. e4 e5 2. Bc4 Nc6 3. Nc3 Nf6 4. d3 Bb4 5. Nge2 d5 6. exd5 Nxd5 7. O-O Nb6 8.
a3 Bxc3 9. Nxc3 Nxc4 10. dxc4 Be6 11. Nd5 O-O 12. Qd3 Nd4 13. f4 Bf5 14. Qe3
Nxc2 15. Qxe5 Be6 16. Rb1 Bxd5 17. cxd5 c5 18. dxc6 bxc6 19. Qe2 Nd4 20. Qf2
Nb3 21. Be3 Re8 22. Rbd1 Qa5 23. Rfe1 c5 24. Bd2 Nxd2 25. Rxe8+ Rxe8 26. Qxd2
Qb6 27. Kf1 Rb8 28. Rc1 Kf8 29. Qc3 Qb5+ 30. Qc4 Qxc4+ 31. Rxc4 Rxb2 32. Rxc5
Rb7 1/2-1/2

[Event "XIX Festival A"]
[Site "Robecchetto con Induno ITA"]
[Date "2008.12.28"]
[Round "2"]
[White "Marinone, Lucio"]
[Black "Provera, Emanuele"]
[Result "0-1"]
[WhiteElo "2008"]
[BlackElo "2138"]
[PlyCount "62"]
[EventDate "2008.12.27"]

1. d4 Nf6 2. c4 e6 3. Nc3 Bb4 4. e3 c5 5. Bd3 Nc6 6. Nf3 O-O 7. O-O d5 8. a3
Bxc3 9. bxc3 dxc4 10. Bxc4 Qc7 11. Bb2 e5 12. h3 e4 13. Nd2 Na5 14. Ba2 c4 15.
f3 Bxh3 16. Nxe4 Nd5 17. Qd2 Bd7 18. Rae1 Bb5 19. Qf2 f5 20. Nc5 Rae8 21. Nd3
cxd3 22. Bxd5+ Kh8 23. Qd2 Bc4 24. e4 Bxd5 25. exd5 Nc4 26. Qf2 d2 27. Rb1 Re3
28. Rfd1 Rfe8 29. Rxd2 Nxd2 30. Qxd2 Qg3 31. Qf2 Re1+ 0-1

[Event "XIX Festival A"]
[Site "Robecchetto con Induno ITA"]
[Date "2008.12.28"]
[Round "2"]
[White "Mazzariol, Oscar"]
[Black "Bianchi, Alberto"]
[Result "1-0"]
[WhiteElo "2070"]
[BlackElo "2002"]
[PlyCount "57"]
[EventDate "2008.12.27"]

1. d4 d5 2. c4 e6 3. Nc3 Be7 4. Nf3 Nf6 5. g3 a6 6. Bg2 Nbd7 7. O-O Rb8 8. cxd5
exd5 9. Ne5 Nb6 10. a4 Be6 11. f4 g6 12. e3 Qc8 13. a5 Nc4 14. Qa4+ c6 15. e4
O-O 16. Nxc4 dxc4 17. Kh1 Rd8 18. Be3 b5 19. axb6 Rxb6 20. Qc2 Ng4 21. Bg1 f5
22. d5 c5 23. dxe6 Qxe6 24. e5 h5 25. Rfd1 Rdb8 26. Bd5 Qxd5+ 27. Nxd5 Rxb2 28.
Nxe7+ Kh7 29. Qxc4 1-0

[Event "XIX Festival A"]
[Site "Robecchetto con Induno ITA"]
[Date "2008.12.28"]
[Round "2"]
[White "Morandi, Daniele"]
[Black "Cavallini, Gianfranco"]
[Result "1-0"]
[WhiteElo "1950"]
[BlackElo "2103"]
[PlyCount "95"]
[EventDate "2008.12.27"]

1. e4 c6 2. d4 g6 3. c4 Bg7 4. Nc3 d6 5. Be3 a6 6. Qd2 Nd7 7. O-O-O b5 8. c5
Qa5 9. Kb1 dxc5 10. dxc5 Bxc3 11. bxc3 b4 12. c4 Ngf6 13. f3 O-O 14. g4 Rb8 15.
g5 Nh5 16. Ne2 Nxc5 17. Ng3 Na4 18. Nxh5 Nc3+ 19. Ka1 b3 20. Qb2 Qxa2+ 21. Qxa2
bxa2 22. Bd3 Rd8 23. Nf4 e5 24. Nd5 cxd5 25. exd5 Bf5 26. Bxf5 gxf5 27. Rc1 Rb3
28. Bd2 Na4 29. Ba5 Rdb8 30. d6 Nc5 31. Kxa2 Rb2+ 32. Ka1 Re2 33. Rb1 Rb3 34.
Bb4 Rxb4 35. Rxb4 Rd2 36. Rb6 e4 37. fxe4 fxe4 38. Rc6 Nb3+ 39. Kb1 e3 40. Re1
e2 41. Rxe2 Rxe2 42. d7 Rd2 43. Rc8+ Kg7 44. d8=Q Rxd8 45. Rxd8 Kg6 46. Rd5 a5
47. Kb2 a4 48. Ka3 1-0